[Event "National Elem School Championship K-5"]
[Site "Baltimore"]
[Date "2023.05.14"]
[Round "5"]
[White "Wang, Kyle"]
[Black "Jammalamadaka, Vihan"]
[Result "0-1"]
[WhiteElo "1972"]
[BlackElo "1871"]
[Annotator "IM Sandeep Sethuraman"]
[PlyCount "146"]
[EventDate "2023.??.??"]

1. e4 c5 2. Nf3 Nf6 $5 {Not the most common reply, but it does create an
imbalanced game with winning chances for both sides. The plus is that it's an
immediate attack on the center, but the obvious drawback is that it allows an
attack with tempo.} (2... d6 3. d4 cxd4 4. Nxd4 Nf6 5. Nc3 {would have led to
a position reached hundreds of thousands of times at the master level.}) 3. e5
$1 {White doesn't wait around, taking advantage of Black's early development.}
(3. Nc3 $6 {would be too complacent and allow} d6 {with a transposition} 4. d4
cxd4 5. Nxd4) 3... Nd5 4. Nc3 e6 $1 {Black isn't afraid of doubling his pawns.
On the contrary, he welcomes more central control.} 5. Ne4 (5. Nxd5 $5 {
Taking the bull by the horns would lead to some interesting lines here:} exd5
6. d4 $1 {You can't allow full central control by your opponent, so White uses
his own pawns to blockade his opponents'.} Nc6 7. dxc5 Bxc5 8. Qxd5 {Now White
has won a pawn, and it seems like Black hasn't anything much to show for it,
but he does gain some tempi.} d6 9. exd6 Qb6 10. Qe4+ Be6 11. Qh4 $5 {A
creative way of defending the f2-pawn, and White will maintain his pawn edge.
This is actually still theory, having been played by big names such as former
World Champion Anand and current World Champion Ding Liren.} Bxd6 12. Be2) 5...
f5 $1 {A great move, Black strikes in the center, provoking an en passant
which would liberate his pieces, but White doesn't have to oblige.} 6. Nc3 $1 {
Both of these players are closing in on being experts, and it's clear why.
Resisting an en passant is never easy, and making a backwards knight move is
even more difficult.} Nb4 (6... Nxc3 $6 {would double White's pawns, but in a
way that would open up his pieces.} 7. dxc3 Nc6 8. Bf4 $1 {White has a bind on
the dark squares, and this makes it very tough for Black to free his pieces.})
7. d3 Be7 8. Be2 O-O {Now after some logical development, the battle is set.
White will try to make use of his central space to suffocate Black's, and
maybe start a kingside initiative with an h2-h4 push at some point. Black, on
the other hand, will try to break with ... d5-d6 and expand on the queenside,
and might even harbor kingside pawn storm ideas of his own.} 9. O-O b6 10. Re1
Bb7 11. a3 Nd5 12. Nxd5 Bxd5 13. Bd2 (13. c4 $5 {would have been a nice way to
spice things up.} Bxf3 $1 {Parting with the bishop pair isn't ideal, but this
allows a stronger hold on the d4-square.} (13... Bb7 14. d4 $1 {is a clear
improvement for White as his pieces suddenly come back to life.} cxd4 15. Nxd4
Nc6 16. Bf3 {And it's clear that the pressure makes things slightly
uncomfortable for Black here.}) 14. Bxf3 Nc6 {and Black is fine.}) 13... Bb7
14. c3 d6 $2 {This does somewhat improve Black's pieces, but it also creates a
gaping hole on e5, and it makes the e6-pawn a huge liability.} (14... g5 $5 {
would have put the ball back in White's court.} 15. d4 Nc6 16. h3 Kh8 {and
Black's kingside initiative is already starting to look quite dangerous.}) 15.
exd6 Bxd6 16. d4 $1 {Fixing the weakness on e6 and highlighting Black's lack
of queenside development.} Bd5 17. Bd3 $4 {Maybe harsh, but allowing the
closure of the center with tempo gave away all of White's huge advantage and
then some.} (17. Ng5 $1 {would have poked some more holes after} h6 18. c4 $1 {
meeting a threat with a threat, and Black's position is falling apart. After}
hxg5 19. cxd5 exd5 20. dxc5 Bxc5 21. Bxg5 $1 $18 {, the queen is overloaded.})
17... c4 $1 {Recognizing that the closed center will give better prospects in
the long run, and now the d5-bishop becomes very hard to remove and acts as
the centerpiece of the position.} 18. Bf1 Nd7 19. Ne5 $2 {This allowed an
unfavorable transformation of the pawn structure.} (19. b3 $5 {would have
asked some questions.} b5 (19... cxb3 20. c4 b2 21. Rb1 Be4 22. Rxb2 {and at
least now White has some activity in his hanging pawns and central control.}
Bxa3 23. Ra2 Be7 24. Bc3 {The strong center compensates for the pawn, and the
position is dynamically equal.}) 20. a4 a6 {and Black holds for the time being,
but White is by no means out of it.}) 19... b5 $6 {Missing his chance.} (19...
Bxe5 20. dxe5 Nc5 $1 {and White's dark-squared bishop is helpless against
Black's bind on the light squares.}) 20. a4 Bxe5 21. dxe5 Qb6 22. Be3 Qb7 23.
Bd4 (23. axb5 Qxb5 24. Qa4 Qxa4 25. Rxa4 {was a great alternative for White,
leading to a bishop pair endgame, but Black had} a5 26. Bxc4 Bxc4 27. Rxc4 Nxe5
{which would have given him equality.}) 23... b4 $5 {With no need for building
the initiative, Black surges forward.} (23... a6 {might have been more prudent,
for instance after} 24. Qd2 h6 {, Black always has a nagging edge.}) 24. a5
bxc3 25. bxc3 Qc7 26. Qa4 (26. Ra4 $1 {would have asked some unpleasant
questions, namely how are you going to defend the c4-pawn?} Rfd8 27. Rb4 Qxa5
28. Bxc4 Bxc4 29. Rxc4 {and White is at least fine.}) 26... Nc5 27. Bxc5 Qxc5
28. Rab1 $6 {Activating the wrong rook.} (28. Red1 h6 29. Rd4 {was an
important maneuver to solidify White's position and hinder the scope of the
black queen.}) 28... Rab8 29. Rec1 $2 {Way too passive: you can't allow Black
to invade like this.} (29. a6 $5 {would have created some discomfort around
attacks on the a7-pawn, as} Rb3 {now would be met with} 30. Rxb3 cxb3 31. c4 {
and White would win a pawn.}) 29... Rb3 30. Rxb3 $4 {Based on a misconception.}
(30. Ra1 {was ugly but necessary to maintain the integrity of the position,
however, after} h6 31. Be2 Qc7 {Black would still be much, much better.}) 30...
cxb3 31. c4 {Now, this isn't effective because the pawn is pinned.} Rb8 {
Now Black's passer survives and quickly becomes a huge headache for White.} 32.
Rb1 Bc6 33. Qa1 (33. Rxb3 {is the computer's suggestion sacrificing the queen,
which shows just how bad White's position is, but no human is ever playing
this.} Bxa4 34. Rxb8+ Kf7 35. Rb7+ Kg6 {and Black is completely winning.})
33... Be4 34. Rb2 Qxe5 35. Qa3 Bc2 $1 {Completely paralyzing White's forces:
the rook is stuck preventing the b-pawn from queening, and the queen is stuck
defending the rook. There's only so much you can do with a light-squared
bishop.} 36. h3 Rd8 $6 {Black is still completely winning, but this allows
unnecessary counterplay.} (36... h6 {would have been enough to eventually lead
to zugzwang.}) 37. Qe7 $6 {Missing the "chance", not that it was a
game-changer, but it would at least give White some trumps.} (37. Rxb3 Bxb3 38.
Qxb3 Qxa5 {Calling this an improvement again highlights the extent of White's
misery.}) 37... Qxb2 $4 {Why? there was no need to give White so much
counterplay.} (37... Rf8 {was obvious and would have forced} 38. Qa3 h6 {
when White is again in zugzwang territory.}) 38. Qxd8+ Kf7 39. Qd7+ {Now
Black's king will be endlessly checked, or so it seems...} Kg6 $5 {setting up
a trap, which Wang falls into.} 40. Qxe6+ $2 {This looks automatic, but if you
stop and think for a second, you realize that White has a passer of his own.} (
40. c5 $1 {and Black had better be careful.} Qe5 41. c6 b2 42. c7 Qxc7 43. Qxc7
b1=Q {would lead to equality, but there is still one more mine:} 44. Qg3+ (44.
Qxa7 $4 {would be too greedy:} Bd3 {wins a piece.}) 44... Kf7 45. Qc7+ {
with perpetual.}) 40... Qf6 41. Qe8+ Kh6 {and Black will escape the checks, but
} 42. Qe3+ $4 (42. Qa4 {was necessary} Qd4 {and White is hanging on by a thread
} 43. Qc6+ g6 44. Qe8 {.}) 42... f4 43. Qc1 g5 {Not necessary, but not bad
either.} (43... Bg6 {would have made ... b3-b2 unstoppable, winning
immediately.}) 44. Be2 Qe5 45. Kf1 Qxa5 $2 {again greed overtakes rationality.
Black is still winning, but it's so much harder now.} (45... Bg6 $1 {was an
obvious win yet again.}) 46. Qb2 $1 {Now White simultaneously blockades the
b-pawn and creates threats toward the black king.} Kg6 $6 {This is why 45. ...
Qxa5 was so bad. It creates opportunities for missteps like this!} (46... Qb6
$1 {and the a-pawn running down the board. This would have decided the game.})
47. Qd4 Qb6 48. Bd3+ $1 {An intermediate move that looks like it steers the
game towards peace, but there are still some turns to this story.} Kh6 (48...
Bxd3+ 49. Qxd3+ Kf6 50. c5 $1 {would win the b3-pawn, entering a drawn endgame.
}) 49. c5 Bxd3+ 50. Qxd3 Qe6 {Now White should be able to hold easily by
combining threats to Black's king with the c-pawn's advance.} 51. c6 a5 52. Qc3
b2 53. Qxb2 Qxc6 {Now we enter a drawn endgame, but not all is as easy as it
seems here.} 54. Ke2 $4 {and immediately White blunders.} (54. h4 {would have
further opened Black's king while keeping White's safe and sound behind the
pawns:} gxh4 55. Qe5 {and a draw is soon to come.}) 54... Qc4+ 55. Kd2 Kh5 $4 {
A terrible oversight, and very difficult to explain.} (55... Qb4+ {was so
natural that I can't explain how it was missed.} 56. Qxb4 axb4 57. Kc2 Kh5 58.
Kb3 Kh4 59. Kxb4 f3 $1 {might have been what was missed, but I somehow don't
believe that. White is dead lost.}) 56. Qg7 Qa2+ 57. Kc1 $4 {The wrong way.
The king needed to stay with the pawns.} (57. Ke1 Qb1+ 58. Kd2 Qb4+ 59. Ke2 {
and the game would soon have fizzled out.} Qb2+) 57... Qc4+ $4 {Again missing
a golden opportunity!} (57... h6 $1 {was completely winning.}) 58. Kd2 Qd5+ 59.
Ke1 Qe6+ 60. Kd2 Qg6 61. Qe5 a4 62. g3 Qf7 63. g4+ $4 {letting the black king
into the safest square on the board, and basically handing over the kingside
pawns} (63. Qe2+ f3 64. Qd3 {would have maintained equality.}) 63... Kh4 64.
Qe1 Kxh3 65. Qf1+ Kxg4 66. f3+ Kh5 {The rest is technical, and Black doesn't
falter.} 67. Qh1+ Kg6 68. Qb1+ Qf5 69. Qb6+ Kh5 70. Qg1 Qd5+ 71. Ke2 Qa2+ 72.
Kd3 Qb3+ 73. Ke4 Qe3+ {0-1 Black wins. White resigned} 0-1